000 00554nam a22001817a 4500
005 20251127182701.0
008 251125b |||||||| |||| 00| 0 eng d
020 _a978-81-932450-7-1
041 _aeng
082 _a543.07SRI-P
100 _aSRIVASTAVA, DR. BAJARANG BALI LAL & MISHRA, DR. AMARNATH & WOYESSA, WORKENEH
_98809
245 _aPRACTICAL INSTRUMENTAL ANALYSIS LABORATORY MANUAL
250 _aRE. PRINT ED. 2023
260 _aNEW DELHI
_bINNOVATIVE PUBLICATIONS
_c2023
300 _a37;P
650 _aPHARMACY
_xB.PHARMA
942 _cBK
999 _c8988
_d8986